| 000 | 00403nam a22001457a 4500 | ||
|---|---|---|---|
| 999 |
_c258817 _d258816 |
||
| 003 | OSt | ||
| 005 | 20200713103924.0 | ||
| 008 | 200713b xxu||||| |||| 00| 0 eng d | ||
| 040 | _cN/A | ||
| 100 | _aDavid Auxter et al | ||
| 245 | _aPrinciples and methods of adapted physical education and recreation | ||
| 250 | _aEleventh edition | ||
| 260 |
_aBoston _bMcGraw hill companies _c2017 |
||
| 942 |
_2lcc _cBK |
||